[Event "DEM U12 2011"]
[Site "Oberhof GER"]
[Date "2011.06.18"]
[Round "11"]
[White "Möller, Hannah"]
[Black "Lederer, Leia"]
[Result "1-0"]
[Termination "normal"]
[Board "43"]
[WhiteElo "1204"]
[BlackElo "1252"]
[PlyCount "89"]
[WhiteFideId "1270514"]
[BlackFideId "12926353"]
[EventCountry "GER"]
[EventRounds "11"]
[EventType "swiss"]
[EventDate "2011.06.11"]

1. e4 c5 2. f4 Nc6 3. Nc3 g6 4. Nf3 Bg7 5. Bc4 e6 6. O-O Nge7 7. d3 O-O 8. Qe1
d5 9. Bb3 a6 10. a4 Nd4 11. Nxd4 Bxd4+ 12. Kh1 Qd6 13. e5 Qc6 14. Ne2 Nf5 15.
Nxd4 Nxd4 16. Qh4 Nf5 17. Qh3 d4 18. c3 b6 19. Bd1 Qd7 20. Bg4 Bb7 21. Bxf5
exf5 22. Rg1 Rae8 23. Bd2 h5 24. Be1 Rc8 25. Bh4 dxc3 26. bxc3 c4 27. d4 Qd5
28. Bf6 Qe4 29. Qh4 Rc7 30. Qg5 Kh7 31. Rab1 Qc6 32. Rbe1 Re8 33. Re3 Qxa4 34.
Rh3 Bxg2+ 35. Rxg2 Qd1+ 36. Rg1 Qe2 37. Qg2 Qg4 38. Rg3 Qxf4 39. Rxg6 Qe4 40.
Qxe4 fxe4 41. R6g5 Kh6 42. Bg7+ Kh7 43. Rxh5+ Kg8 44. Bh6+ Kh8 45. Bf8# 1-0

[Event "DEM U12 2011"]
[Site "Oberhof GER"]
[Date "2011.06.18"]
[Round "11"]
[White "Ley, Sabrina"]
[Black "Semenova, Alisa"]
[Result "1-0"]
[Termination "normal"]
[Board "44"]
[WhiteElo "1156"]
[BlackElo "1163"]
[PlyCount "83"]
[WhiteFideId "12938130"]
[BlackFideId "1272132"]
[EventCountry "GER"]
[EventRounds "11"]
[EventType "swiss"]
[EventDate "2011.06.11"]

1. e4 e5 2. Nf3 Nc6 3. Bc4 Bc5 4. O-O Nf6 5. d4 Nxd4 6. Nxe5 O-O 7. Be3 d6 8.
Nxf7 Rxf7 9. Bxf7+ Kxf7 10. Bxd4 Bxd4 11. Qxd4 Be6 12. Nc3 Ng4 13. h3 Ne5 14.
Qe3 Kg8 15. Rad1 Nc4 16. Qc1 Qf6 17. Nd5 Qd8 18. b3 Ne5 19. f4 Nd7 20. e5 c6
21. Nc3 Qb6+ 22. Kh2 dxe5 23. fxe5 Re8 24. Qd2 Nxe5 25. Qd4 Qc7 26. Qd6 Qxd6
27. Rxd6 b5 28. Re1 Bf7 29. Red1 b4 30. Na4 Bd5 31. c4 bxc3 32. Nxc3 Nf7 33.
Rd7 Be6 34. Rxa7 Rb8 35. Re1 Bf5 36. Ree7 Bg6 37. a4 h6 38. Reb7 Rd8 39. Ra6
Ne5 40. Rab6 Rd2 41. a5 Rf2 42. a6 1-0

[Event "DEM U12 2011"]
[Site "Oberhof GER"]
[Date "2011.06.18"]
[Round "11"]
[White "Boussonville, Anna"]
[Black "Kühn, Kolja"]
[Result "0-1"]
[Termination "normal"]
[Board "45"]
[WhiteElo "996"]
[BlackElo "1273"]
[PlyCount "60"]
[WhiteFideId "12929689"]
[BlackFideId "12938106"]
[EventCountry "GER"]
[EventRounds "11"]
[EventType "swiss"]
[EventDate "2011.06.11"]

1. e4 e5 2. Nf3 Nc6 3. Bc4 Nf6 4. d3 Bc5 5. c3 d6 6. Bb3 Bg4 7. h3 Bh5 8. Nbd2
h6 9. Nf1 g5 10. Ng3 Bg6 11. O-O g4 12. hxg4 Nxg4 13. d4 exd4 14. cxd4 Bb6 15.
Re1 Qf6 16. Be3 O-O-O 17. Rb1 Nxe3 18. fxe3 h5 19. Bc2 h4 20. Ne2 h3 21. gxh3
Qxf3 22. Nf4 Rxh3 23. Nxh3 Qg3+ 24. Kf1 Qxh3+ 25. Kf2 Qh2+ 26. Kf1 Rh8 27. Qd3
Bh5 28. Bd1 Rg8 29. Bg4+ Rxg4 30. Re2 Rg1# 0-1

[Event "DEM U12 2011"]
[Site "Oberhof GER"]
[Date "2011.06.18"]
[Round "11"]
[White "Uffrecht, Luise"]
[Black "Oberhofer, Marie"]
[Result "1-0"]
[Termination "normal"]
[Board "46"]
[WhiteElo "958"]
[BlackElo "1068"]
[PlyCount "75"]
[BlackFideId "12938165"]
[EventCountry "GER"]
[EventRounds "11"]
[EventType "swiss"]
[EventDate "2011.06.11"]

1. e4 e5 2. Nf3 Nc6 3. Bc4 Nf6 4. Nc3 Bc5 5. d3 d6 6. Be3 Bb6 7. Qe2 O-O 8. Bg5
Be6 9. Bb3 h6 10. Bh4 Re8 11. h3 Nd4 12. Qd1 Nxb3 13. axb3 Qe7 14. O-O a6 15.
Ne2 Rad8 16. Ng3 g5 17. Nf5 Bxf5 18. exf5 gxh4 19. Nxh4 Kh7 20. Qf3 c6 21. Rfe1
Rg8 22. c3 Qd7 23. Re2 Rg7 24. g3 Rdg8 25. Kh2 Bc7 26. Rg1 d5 27. Kh1 Re8 28.
Qe3 e4 29. d4 Qd6 30. Rg2 Reg8 31. g4 h5 32. f3 exf3 33. Nxf3 hxg4 34. hxg4
Nxg4 35. Rh2+ Nxh2 36. Rxh2+ Qxh2+ 37. Nxh2 Bxh2 38. Qh3# 1-0

[Event "DEM U12 2011"]
[Site "Oberhof GER"]
[Date "2011.06.18"]
[Round "11"]
[White "Schmid, Katharina"]
[Black "Weiten, Anna"]
[Result "1-0"]
[Termination "normal"]
[Board "47"]
[WhiteElo "1070"]
[BlackElo "872"]
[PlyCount "93"]
[WhiteFideId "12918210"]
[BlackFideId "12938203"]
[EventCountry "GER"]
[EventRounds "11"]
[EventType "swiss"]
[EventDate "2011.06.11"]

1. e4 e5 2. Nf3 Nc6 3. Bc4 Bc5 4. c3 Nf6 5. d4 exd4 6. cxd4 Bb4+ 7. Nc3 Nxe4 8.
O-O Bxc3 9. d5 Ne7 10. bxc3 O-O 11. Re1 Nf6 12. Bg5 Nf5 13. Qd3 Nd6 14. Bb3 h6
15. Bh4 c6 16. Bc2 g6 17. Qd4 Kg7 18. Ne5 Nb5 19. Qd3 d6 20. Nxg6 Rg8 21. Ne7
Re8 22. Nf5+ Kf8 23. Rxe8+ Kxe8 24. Ng7+ Kf8 25. Nf5 a6 26. Nxh6 cxd5 27. a4
Nc7 28. Qd4 Nce8 29. Re1 Be6 30. f4 Kg7 31. Nf5+ Kg6 32. Nxd6+ Kg7 33. Nxe8+
Kf8 34. Nxf6 Kg7 35. Nh5+ Kf8 36. Bxd8 Rxd8 37. Rxe6 fxe6 38. Qf6+ Ke8 39. Ng7+
Kd7 40. Nxe6 Re8 41. Qf7+ Kd6 42. Qxe8 b5 43. Nd4 bxa4 44. Qc6+ Ke7 45. Qe6+
Kf8 46. Qf6+ Ke8 47. Bxa4# 1-0